00452nam a2200121 a 450000100100000000500170001000800410002704000250006811100990009324500520019226000520024430000340029600002740420200930030817.0130313s2000 dr a 000 0 spa d aDO-SdBNPbspacBNPHU2 aSeminario Latinoamericano de Contadores y Auditoresn(5:d2000: 19-20 octubrecSanto Domingo )10aActualización, tecnología y valor agregado. aSanto Domingo :bSomos Artes Gráficas,c2000. a352 p. :bil.,rets. ;c22 cm.